Inspektor Hisyam di ibu kota /

Bibliographic Details
Main Author: JALIL Rahman
Format: Book
Published: Petaling Jaya: MacMillan Pub, 1979.
Subjects:
LEADER 00973cam a2200301 7i4500
001 0000057678
005 20151104090000.0
005 ##20151104175700.0
002 ##000005761
003 ##MY-KlINT
008 151104 00010 eng
020 # # |a 9679290433  
039 # 9 |y 201511041757  |z VLOAD 
090 0 0 |a FK JAL  
100 1 # |a JALIL Rahman 
245 0 0 |a Inspektor Hisyam di ibu kota /   |c Jalil Rahman. 
260 # # |a Petaling Jaya:   |b MacMillan Pub,   |c 1979. 
300 # # |a 69 p;   |c 21cm. 
650 # 0 |a Bahasa Malaysi --   |x Reader --   |x Fiction  
996 |a ikwas2000.out 
997 |a 3000074181  |b IKWS  |c MF  |d BOK 
997 |a 3000074140  |b IKWS  |c MF  |d BOK 
997 |a 3000072383  |b IKWS  |c MF  |d BOK 
997 |a 3000074223  |b IKWS  |c MF  |d BOK 
998 |a 0000004627 
999 |a 3000074140  |b BOOK  |c Main Fiction  |e INTAN Kampus Wilayah Selatan 
999 |a 3000074181  |b BOOK  |c Main Fiction  |e INTAN Kampus Wilayah Selatan 
999 |a 3000074223  |b BOOK  |c Main Fiction  |e INTAN Kampus Wilayah Selatan